| 000 | 00347 a2200145 4500 | ||
|---|---|---|---|
| 003 | Nust | ||
| 005 | 20230308092319.0 | ||
| 040 | _cNust | ||
| 082 | _a808.81,FRA | ||
| 100 |
_aAhmad , Faraz _99905 |
||
| 245 |
_aBodlick / _cAhmad Faraz |
||
| 260 |
_aIslamabad, Pakistan _bDost Publication |
||
| 650 |
_aPoetry _929982 |
||
| 942 |
_2ddc _cBK _k808.81,FRA |
||
| 999 |
_c188160 _d188160 |
||